000 00257nam a22001217a 4500
008 181207b xxu||||| |||| 00| 0 eng d
041 _aeng
080 _a721
100 _a42
101 _aARK
245 _aSoviet Architecture
_cCooke.C
942 _2udc
_cBK
999 _c53088
_d53088